[Event "Carlos Torre Memorial op 19th"]
[Site "Merida"]
[Date "2006.12.16"]
[Round "4"]
[White "Sanchez Enriquez, Oscar Gerardo"]
[Black "Russek Libni, Guil"]
[Result "1/2-1/2"]
[WhiteElo "2196"]
[BlackElo "2390"]
[PlyCount "43"]
[EventDate "2006.12.14"]
[EventType "swiss"]
[EventRounds "9"]
[EventCountry "MEX"]
[SourceTitle "CBM 115 Extra"]
[Source "ChessBase"]
[SourceDate "2007.01.10"]
[SourceVersion "1"]
[SourceVersionDate "2007.01.10"]
[SourceQuality "1"]

1. e4 e6 2. d4 d5 3. Nc3 dxe4 4. Nxe4 Qd5 5. Nc3 Bb4 6. Nf3 Nf6 7. Bd3 b6 8. 0-0 Bxc3 9. bxc3 Ba6 10. c4 Bxc4 11. Bxc4 Qxc4 12. Ne5 Qd5 13. c4 Qb7 14. Ba3 Nbd7 15. Qa4 b5 16. cxb5 Nxe5 17. dxe5 Nd5 18. Rac1 0-0-0 19. Rc6 Kb8 20. Rfc1 Rd7 21. Bc5 Rhd8 22. Qc2 1/2-1/2

[Event "MEX-ch"]
[Site "Guadalajara"]
[Date "2005.??.??"]
[Round "4"]
[White "Russek Libni, Guil"]
[Black "Hernandez Guerrero, Gilberto Eduardo"]
[Result "1/2-1/2"]
[WhiteElo "2370"]
[BlackElo "2512"]
[PlyCount "49"]
[EventDate "2005.03.22"]
[EventType "swiss"]
[EventRounds "9"]
[EventCountry "MEX"]
[SourceTitle "EXT 2006"]
[Source "ChessBase"]
[SourceDate "2005.11.24"]
[SourceVersion "1"]
[SourceVersionDate "2005.11.24"]
[SourceQuality "1"]

1. e4 d6 2. d4 Nf6 3. Nc3 Nbd7 4. Nf3 e5 5. Bc4 Be7 6. 0-0 0-0 7. Re1 c6 8. a4 a5 9. Bg5 h6 10. Bh4 Nh5 11. Bxe7 Qxe7 12. h3 exd4 13. Nxd4 Ne5 14. Qxh5 Nxc4 15. b3 Qf6 16. Rad1 Ne5 17. Nce2 Re8 18. Ng3 Bd7 19. Ndf5 Bxf5 20. Qxf5 Qe7 21. Re2 Qc7 22. Red2 Re6 23. Qf4 Rae8 24. Rd4 d5 25. Qd2 1/2-1/2

[Event "Carlos Torre Memorial op 17th"]
[Site "Merida"]
[Date "2004.12.14"]
[Round "3"]
[White "Russek Libni, Guil"]
[Black "Arencibia Rodriguez, Walter"]
[Result "0-1"]
[WhiteElo "2370"]
[BlackElo "2516"]
[PlyCount "84"]
[EventDate "2004.12.13"]
[EventType "swiss"]
[EventRounds "9"]
[EventCountry "MEX"]
[SourceTitle "CBM 103 Extra"]
[Source "ChessBase"]
[SourceDate "2005.01.01"]
[SourceVersion "1"]
[SourceVersionDate "2005.01.01"]
[SourceQuality "1"]

1. d4 Nf6 2. c4 g6 3. g3 Bg7 4. Bg2 0-0 5. Nc3 d6 6. e3 Nbd7 7. Nge2 c6 8. 0-0 Re8 9. b3 e5 10. Ba3 Nf8 11. dxe5 dxe5 12. Qxd8 Rxd8 13. Rad1 Bf5 14. Be7 Rxd1 15. Rxd1 N8d7 16. Na4 Bf8 17. Bxf8 Kxf8 18. Nec3 Ke7 19. Kf1 Rb8 20. Ke2 b5 21. cxb5 cxb5 22. Nb2 b4 23. Nd5+ Nxd5 24. Bxd5 Nf6 25. Bg2 Bg4+ 26. f3 Be6 27. e4 Ne8 28. Ke3 f6 29. Bf1 Nd6 30. Rc1 Rc8 31. Rxc8 Bxc8 32. Nc4 Be6 33. Nxd6 Kxd6 34. Ba6 Kc5 35. h4 g5 36. Be2 gxh4 37. gxh4 a5 38. Bd3 a4 39. Bc2 a3 40. Bd1 f5 41. Bc2 f4+ 42. Kd3 Kd6 0-1

[Event "Linares Anibal op 10th"]
[Site "Linares"]
[Date "2003.03.05"]
[Round "6"]
[White "Potkin, Vladimir"]
[Black "Russek Libni, Guil"]
[Result "1-0"]
[WhiteElo "2516"]
[BlackElo "2371"]
[PlyCount "65"]
[EventDate "2003.02.28"]
[EventType "swiss"]
[EventRounds "10"]
[EventCountry "ESP"]
[SourceTitle "CBM 093 Extra"]
[Source "ChessBase"]
[SourceDate "2003.05.09"]
[SourceVersion "1"]
[SourceVersionDate "2003.05.09"]
[SourceQuality "1"]

1. e4 e6 2. d4 d5 3. e5 c5 4. c3 Nc6 5. Nf3 Bd7 6. Be2 Nh6 7. Bxh6 gxh6 8. 0-0 Bg7 9. Na3 cxd4 10. cxd4 0-0 11. Nc2 f6 12. exf6 Bxf6 13. Qd2 Bg7 14. b4 Be8 15. b5 Ne7 16. Ne5 Ng6 17. f4 Rc8 18. g3 Qb6 19. Kh1 Nxe5 20. dxe5 Bg6 21. Bd3 Bxd3 22. Qxd3 Rc4 23. Rad1 Re4 24. Rfe1 Rc8 25. Nd4 Rxe1+ 26. Rxe1 Bf8 27. f5 exf5 28. Qxf5 Re8 29. e6 Qd8 30. Qf7+ Kh8 31. Nf5 Qa5 32. Qf6+ Kg8 33. Nxh6+ 1-0

[Event "Linares Anibal op 10th"]
[Site "Linares"]
[Date "2003.03.04"]
[Round "5"]
[White "Russek Libni, Guil"]
[Black "Del Rio de Angelis, Salvador Gabriel"]
[Result "0-1"]
[WhiteElo "2371"]
[BlackElo "2487"]
[PlyCount "80"]
[EventDate "2003.02.28"]
[EventType "swiss"]
[EventRounds "10"]
[EventCountry "ESP"]
[SourceTitle "CBM 093 Extra"]
[Source "ChessBase"]
[SourceDate "2003.05.09"]
[SourceVersion "1"]
[SourceVersionDate "2003.05.09"]
[SourceQuality "1"]

1. e4 e6 2. d4 d5 3. exd5 exd5 4. c4 Nf6 5. Nc3 Be7 6. Bd3 0-0 7. Nge2 c6 8. 0-0 dxc4 9. Bxc4 Nbd7 10. Nf4 Nb6 11. Bb3 Bf5 12. Re1 Bd6 13. h3 Re8 14. Rxe8+ Qxe8 15. Be3 Qd7 16. Qf3 Re8 17. Rd1 Ne4 18. Nd3 Nxc3 19. bxc3 Be4 20. Qh5 Nd5 21. Nc5 Qe7 22. Nxe4 Qxe4 23. Bd2 Re6 24. Qg4 Qd3 25. g3 h5 26. Qg5 Qf3 27. Re1 Be7 28. Rxe6 Bxg5 29. Re8+ Kh7 30. Bc2+ g6 31. Bxg5 Nxc3 32. Be3 h4 33. gxh4 Qxh3 34. Bd3 Qg4+ 35. Kh2 Qxh4+ 36. Kg2 Qg4+ 37. Kh2 Nd5 38. Re4 Qh5+ 39. Kg3 Nxe3 40. fxe3 Qd1 0-1

[Event "Carlos Torre Memorial op 15th"]
[Site "Merida"]
[Date "2002.12.14"]
[Round "2"]
[White "Russek Libni, Guil"]
[Black "Wojtkiewicz, Aleksander"]
[Result "0-1"]
[WhiteElo "2371"]
[BlackElo "2567"]
[PlyCount "76"]
[EventDate "2002.12.13"]
[EventType "swiss"]
[EventRounds "9"]
[EventCountry "MEX"]
[SourceTitle "CBM 091 Extra"]
[Source "ChessBase"]
[SourceDate "2003.01.09"]
[SourceVersion "1"]
[SourceVersionDate "2003.01.09"]
[SourceQuality "1"]

1. e4 c5 2. c3 g6 3. d4 cxd4 4. cxd4 d5 5. exd5 Nf6 6. Bb5+ Nbd7 7. Nc3 a6 8. Ba4 b5 9. Bb3 Nb6 10. Nf3 Nbxd5 11. Nxd5 Nxd5 12. Ne5 Be6 13. Qf3 Bg7 14. h4 Qd6 15. h5 Bxe5 16. dxe5 Qxe5+ 17. Kf1 0-0 18. Bh6 Qxb2 19. Re1 Rfd8 20. hxg6 hxg6 21. Qg3 Rd6 22. Qh4 Qh8 23. Bxd5 Rxd5 24. Qxe7 Re5 25. Rxe5 Qxe5 26. Kg1 Qe1+ 27. Kh2 Qxf2 28. Re1 Qf5 29. Bg5 Rc8 30. Bf6 Qh5+ 31. Kg3 Qg4+ 32. Kh2 Kh7 33. Re3 Rc2 34. Rg3 Qh5+ 35. Kg1 Rc1+ 36. Kf2 Qd5 37. Rf3 Qd2+ 38. Kg3 Rc2 0-1

[Event "Carlos Torre Memorial op 14th"]
[Site "Merida"]
[Date "2001.12.17"]
[Round "4"]
[White "Russek Libni, Guil"]
[Black "Gonzalez, Argentino Jorge"]
[Result "1-0"]
[WhiteElo "2374"]
[BlackElo "2156"]
[PlyCount "81"]
[EventDate "2001.12.01"]
[EventType "swiss"]
[EventRounds "9"]
[EventCountry "MEX"]
[SourceTitle "CBM 085 Extra"]
[Source "ChessBase"]
[SourceDate "2002.01.21"]
[SourceVersion "1"]
[SourceVersionDate "2002.01.21"]
[SourceQuality "1"]

1. e4 e5 2. Nf3 Nf6 3. Nc3 Nc6 4. d4 exd4 5. Nxd4 Bb4 6. Nxc6 bxc6 7. Bd3 0-0 8. 0-0 Re8 9. Re1 d5 10. exd5 Rxe1+ 11. Qxe1 cxd5 12. Bg5 Bb7 13. Bxf6 Qxf6 14. Nxd5 Qg5 15. Qxb4 Qxd5 16. f3 a5 17. Qc3 Qd6 18. Rd1 Qb6+ 19. Kh1 Re8 20. Bc4 Qf2 21. Rf1 Qb6 22. Qb3 Qxb3 23. axb3 Bc6 24. Kg1 Kf8 25. Ra1 Re5 26. Kf2 Ke7 27. f4 Re4 28. g3 a4 29. Bd3 Rd4 30. bxa4 Rxa4 31. Rxa4 Bxa4 32. b4 Kd6 33. Ke3 h6 34. Kd4 Bd7 35. c4 c6 36. Be4 f6 37. Bg6 Ke6 38. Kc5 f5 39. Bh5 g5 40. Bf3 gxf4 41. gxf4 1-0

[Event "Carlos Torre Memorial op 14th"]
[Site "Merida"]
[Date "2001.12.16"]
[Round "3"]
[White "Miranda, Ruben"]
[Black "Russek Libni, Guil"]
[Result "1/2-1/2"]
[WhiteElo "2208"]
[BlackElo "2374"]
[PlyCount "27"]
[EventDate "2001.12.01"]
[EventType "swiss"]
[EventRounds "9"]
[EventCountry "MEX"]
[SourceTitle "CBM 085 Extra"]
[Source "ChessBase"]
[SourceDate "2002.01.21"]
[SourceVersion "1"]
[SourceVersionDate "2002.01.21"]
[SourceQuality "1"]

1. d4 e6 2. Nf3 d5 3. c4 c5 4. Nc3 Nc6 5. e3 Nf6 6. a3 a6 7. Be2 dxc4 8. Bxc4 b5 9. Ba2 Bb7 10. 0-0 cxd4 11. exd4 Be7 12. d5 exd5 13. Nxd5 Nxd5 14. Qxd5 1/2-1/2

[Event "Carlos Torre Memorial op 14th"]
[Site "Merida"]
[Date "2001.12.15"]
[Round "2"]
[White "Russek Libni, Guil"]
[Black "Rendon, Marta L"]
[Result "1-0"]
[WhiteElo "2374"]
[BlackElo "2060"]
[PlyCount "45"]
[EventDate "2001.12.01"]
[EventType "swiss"]
[EventRounds "9"]
[EventCountry "MEX"]
[SourceTitle "CBM 085 Extra"]
[Source "ChessBase"]
[SourceDate "2002.01.21"]
[SourceVersion "1"]
[SourceVersionDate "2002.01.21"]
[SourceQuality "1"]

1. e4 c6 2. c4 Na6 3. d4 Nc7 4. Nc3 d6 5. f4 e6 6. Nf3 Nf6 7. Bd3 Be7 8. Qc2 h6 9. e5 Nd7 10. Be3 b6 11. 0-0 d5 12. b3 Bb7 13. Rad1 Na6 14. Qe2 Nb4 15. Bb1 dxc4 16. bxc4 Ba6 17. f5 exf5 18. Bf2 Nd5 19. Nxd5 cxd5 20. e6 Nf8 21. exf7+ Kxf7 22. Ne5+ Ke8 23. Qh5+ 1-0

[Event "Olympiad-34"]
[Site "Istanbul"]
[Date "2000.11.02"]
[Round "6.3"]
[White "Hauchard, Arnaud"]
[Black "Russek Libni, Guil"]
[Result "1/2-1/2"]
[WhiteElo "2539"]
[BlackElo "2400"]
[PlyCount "98"]
[EventDate "2000.10.28"]
[EventType "team-swiss"]
[EventRounds "14"]
[EventCountry "TUR"]
[SourceTitle "EXT 2001"]
[Source "ChessBase"]
[SourceDate "2000.11.22"]
[SourceVersion "1"]
[SourceVersionDate "2000.11.22"]
[SourceQuality "1"]
[WhiteTeam "France"]
[BlackTeam "Mexico"]
[WhiteTeamCountry "FRA"]
[BlackTeamCountry "MEX"]

1. d4 e6 2. c4 d5 3. Nc3 c5 4. cxd5 exd5 5. Nf3 Nc6 6. g3 Nf6 7. Bg2 Be7 8. 0-0 0-0 9. Bg5 cxd4 10. Nxd4 h6 11. Be3 Bg4 12. h3 Be6 13. Qc2 Qd7 14. Nxe6 Qxe6 15. Rad1 Rfd8 16. Nb5 Rac8 17. Qb1 a6 18. Nd4 Nxd4 19. Bxd4 Ne4 20. Rd3 Rc4 21. Rfd1 Rdc8 22. h4 f5 23. Be3 Rc2 24. Rc1 Rxc1+ 25. Bxc1 Bc5 26. Be3 Bxe3 27. Rxe3 Qb6 28. Qd1 Rc5 29. Rb3 Qc6 30. Qd4 b5 31. Rd3 a5 32. Bf3 Qf6 33. b4 Qxd4 34. Rxd4 axb4 35. Rxb4 Kf7 36. Kg2 g5 37. hxg5 hxg5 38. g4 Kf6 39. gxf5 Kxf5 40. Bxe4+ dxe4 41. Kg3 Re5 42. e3 Rc5 43. Rb2 Rd5 44. Rc2 b4 45. Rb2 Ra5 46. Rxb4 Rxa2 47. Rb5+ Kf6 48. Rb6+ Kf5 49. Rb8 Ra1 1/2-1/2

[Event "Olympiad-34"]
[Site "Istanbul"]
[Date "2000.11.01"]
[Round "5.4"]
[White "Russek Libni, Guil"]
[Black "Belotti, Bruno"]
[Result "1/2-1/2"]
[WhiteElo "2400"]
[BlackElo "2417"]
[PlyCount "39"]
[EventDate "2000.10.28"]
[EventType "team-swiss"]
[EventRounds "14"]
[EventCountry "TUR"]
[SourceTitle "EXT 2001"]
[Source "ChessBase"]
[SourceDate "2000.11.22"]
[SourceVersion "1"]
[SourceVersionDate "2000.11.22"]
[SourceQuality "1"]
[WhiteTeam "Mexico"]
[BlackTeam "Italy"]
[WhiteTeamCountry "MEX"]
[BlackTeamCountry "ITA"]

1. e4 d6 2. d4 Nf6 3. Nc3 c6 4. Nf3 Bg4 5. Be2 e6 6. 0-0 d5 7. Ne5 Bxe2 8. Qxe2 Be7 9. exd5 exd5 10. Bg5 0-0 11. Nd1 Ne4 12. Bxe7 Qxe7 13. Ne3 Nd6 14. Rfe1 Nd7 15. Nxd7 Qxd7 16. Qd3 Rfe8 17. c3 Re6 18. Nc2 Rae8 19. f3 g6 20. Rxe6 1/2-1/2

[Event "Valencia zt 2.3"]
[Site "Valencia"]
[Date "2000.??.??"]
[Round "8"]
[White "Russek Libni, Guil"]
[Black "Prasca Sosa, Rafael Felipe"]
[Result "1/2-1/2"]
[WhiteElo "2400"]
[BlackElo "2256"]
[PlyCount "60"]
[EventDate "2000.08.23"]
[EventType "swiss"]
[EventRounds "9"]
[EventCountry "VEN"]
[SourceTitle "EXT 2001"]
[Source "ChessBase"]
[SourceDate "2000.11.22"]
[SourceVersion "1"]
[SourceVersionDate "2000.11.22"]
[SourceQuality "1"]

1. e4 e6 2. d4 d5 3. Nd2 Nc6 4. Ngf3 Nf6 5. e5 Nd7 6. Nb3 Be7 7. Bb5 Ncb8 8. 0-0 b6 9. a4 c5 10. a5 Bb7 11. axb6 axb6 12. Rxa8 Bxa8 13. Be3 c4 14. Bxd7+ Nxd7 15. Nc1 Bc6 16. Ne2 Qa8 17. h4 b5 18. Nf4 b4 19. Ng5 Bxg5 20. hxg5 g6 21. Bd2 Qb7 22. f3 Qb6 23. Be3 Nxe5 24. Nh3 Bd7 25. Nf2 Nc6 26. Ng4 Ke7 27. Qe1 Ra8 28. Qh4 Ra2 29. Qxh7 Rxb2 30. Qg7 Ra2 1/2-1/2

[Event "Linares Anibal op 06th"]
[Site "Linares"]
[Date "1999.01.09"]
[Round "2"]
[White "Russek Libni, Guil"]
[Black "Kunte, Abhijit"]
[Result "0-1"]
[WhiteElo "2395"]
[BlackElo "2505"]
[PlyCount "58"]
[EventDate "1999.01.??"]
[EventType "swiss"]
[EventRounds "10"]
[EventCountry "ESP"]
[SourceTitle "CBM 068 Extra"]
[Source "ChessBase"]
[SourceDate "1999.03.01"]
[SourceVersion "1"]
[SourceVersionDate "1999.03.01"]
[SourceQuality "1"]

1. e4 c5 2. c3 d5 3. exd5 Qxd5 4. d4 Nf6 5. Nf3 g6 6. Qb3 cxd4 7. Bc4 Qe4+ 8. Kf1 e6 9. Nbd2 Qf5 10. Nxd4 Qc5 11. Qb5+ Nbd7 12. N2b3 Qe7 13. Bg5 Bg7 14. Re1 a6 15. Qa5 b6 16. Qa4 0-0 17. Qc6 Ra7 18. Qf3 Bb7 19. Qg3 Nc5 20. f3 b5 21. Nxc5 Qxc5 22. Bb3 Nd5 23. h4 b4 24. Bxd5 Bxd5 25. Be3 bxc3 26. bxc3 Rb7 27. Qf2 Qxc3 28. Rc1 Qd3+ 29. Kg1 Rb2 0-1

[Event "Carlos Torre Memorial op 12th"]
[Site "Merida"]
[Date "1999.??.??"]
[Round "3"]
[White "Russek Libni, Guil"]
[Black "Galvan Llop, Roberto"]
[Result "1-0"]
[WhiteElo "2398"]
[BlackElo "2060"]
[PlyCount "57"]
[EventDate "1999.12.??"]
[EventType "swiss"]
[EventRounds "9"]
[EventCountry "MEX"]
[SourceTitle "EXT 2001"]
[Source "ChessBase"]
[SourceDate "2000.11.22"]
[SourceVersion "1"]
[SourceVersionDate "2000.11.22"]
[SourceQuality "1"]

1. e4 e5 2. Nf3 Nc6 3. Bb5 d6 4. d4 exd4 5. Nxd4 Bd7 6. Nc3 Nxd4 7. Bxd7+ Qxd7 8. Qxd4 Nf6 9. Bg5 Be7 10. 0-0-0 c5 11. Qd3 0-0-0 12. Bf4 Nh5 13. Bd2 Rhe8 14. h3 g6 15. Rhe1 Ng7 16. Nd5 Ne6 17. Bc3 Nc7 18. Nf6 Qa4 19. Nxe8 c4 20. Qe3 Nb5 21. Nf6 Qxa2 22. Nd5 Bf8 23. Kd2 Qa6 24. Ke2 f5 25. Kf1 Re8 26. Qf3 Bh6 27. exf5 Rf8 28. f6 Bg5 29. Qg4+ 1-0

[Event "Catalunya-chT"]
[Site "Spain"]
[Date "1999.??.??"]
[Round "2"]
[White "Russek Libni, Guil"]
[Black "Movsziszian, Karen"]
[Result "0-1"]
[WhiteElo "2395"]
[BlackElo "2500"]
[PlyCount "106"]
[EventDate "1999.??.??"]
[EventType "team"]
[EventRounds "9"]
[EventCountry "ESP"]
[SourceTitle "EXT 2000"]
[Source "ChessBase"]
[SourceDate "1999.11.16"]
[SourceVersion "1"]
[SourceVersionDate "1999.11.16"]
[SourceQuality "1"]

1. e4 g6 2. d4 Bg7 3. Nf3 d6 4. Nc3 Nf6 5. Be2 0-0 6. 0-0 c6 7. a4 Qc7 8. h3 e5 9. dxe5 dxe5 10. Be3 Na6 11. Nd2 Qe7 12. Bxa6 bxa6 13. Nb3 Rd8 14. Qe2 Nh5 15. Rfd1 Re8 16. Kh2 Nf4 17. Bxf4 exf4 18. f3 Rb8 19. Qf2 Be6 20. Rac1 h5 21. Ne2 Bxb2 22. Rb1 Be5 23. Nc5 Bc4 24. Rxb8 Bxb8 25. Rd7 Qg5 26. h4 Qe5 27. Nc1 Qf6 28. Rd4 Be6 29. Nxe6 Qxe6 30. Nb3 Be5 31. Rd3 Qe7 32. Kh3 Rb8 33. Qc5 Qe6+ 34. Kh2 Qf6 35. Kh3 g5 36. hxg5 Qxg5 37. Qf2 c5 38. Rd5 c4 39. Nd2 c3 40. Nb3 Kg7 41. Qh4 Qxh4+ 42. Kxh4 f6 43. Kxh5 Rh8+ 44. Kg4 Kg6 45. Nd4 Rh2 46. Nc6 Rxg2+ 47. Kh4 Rxc2 48. Nxe5+ fxe5 49. Rxe5 Rc1 50. Rg5+ Kf6 51. Rg2 Ke5 52. Kg5 Ra1 53. Rc2 Rg1+ 0-1

[Event "Catalunya-chT"]
[Site "Spain"]
[Date "1999.??.??"]
[Round "3"]
[White "Russek Libni, Guil"]
[Black "Torrecillas Martinez, Antonio"]
[Result "1-0"]
[WhiteElo "2395"]
[BlackElo "2405"]
[PlyCount "59"]
[EventDate "1999.??.??"]
[EventType "team"]
[EventRounds "9"]
[EventCountry "ESP"]
[SourceTitle "EXT 2000"]
[Source "ChessBase"]
[SourceDate "1999.11.16"]
[SourceVersion "1"]
[SourceVersionDate "1999.11.16"]
[SourceQuality "1"]

1. e4 Nf6 2. e5 Nd5 3. Nc3 Nxc3 4. bxc3 g6 5. d4 Bg7 6. f4 d6 7. Nf3 0-0 8. Be3 b6 9. Bd3 Ba6 10. 0-0 Bxd3 11. Qxd3 Nd7 12. Rae1 e6 13. Bf2 dxe5 14. fxe5 c5 15. Bh4 Qc7 16. Re2 cxd4 17. cxd4 Rac8 18. Ng5 Qc4 19. Ne4 Qxd3 20. cxd3 Rc6 21. Ref2 a6 22. Be7 Rfc8 23. Nd6 R8c7 24. Ne8 Nxe5 25. Nxc7 Nxd3 26. d5 exd5 27. Nxd5 Bd4 28. Bf6 Bxf2+ 29. Rxf2 Rd6 30. Re2 1-0

[Event "Carlos Torre Memorial op 11th"]
[Site "Merida"]
[Date "1998.12.22"]
[Round "9"]
[White "Russek Libni, Guil"]
[Black "Calderin Gonzalez, Roberto"]
[Result "1-0"]
[WhiteElo "2395"]
[BlackElo "2425"]
[PlyCount "97"]
[EventDate "1998.12.??"]
[EventType "swiss"]
[EventRounds "9"]
[EventCountry "MEX"]
[SourceTitle "EXT 2000"]
[Source "ChessBase"]
[SourceDate "1999.11.16"]
[SourceVersion "1"]
[SourceVersionDate "1999.11.16"]
[SourceQuality "1"]

1. e4 c5 2. c3 d5 3. exd5 Qxd5 4. d4 Nf6 5. Nf3 g6 6. Be2 cxd4 7. cxd4 Bg7 8. 0-0 0-0 9. Nc3 Qa5 10. Ne5 Nc6 11. Nxc6 bxc6 12. Bf3 Bd7 13. Re1 e6 14. Bf4 Rfd8 15. Be5 Rac8 16. a3 c5 17. Bb7 Rb8 18. Bxb8 Rxb8 19. Bf3 Rxb2 20. Qc1 Rb3 21. Ne2 Bf8 22. Rd1 Bb5 23. a4 Bxe2 24. Bxe2 cxd4 25. Rxd4 Bc5 26. Rf4 Rc3 27. Qd1 Nd5 28. Rf3 Qc7 29. Bf1 Qe5 30. Rc1 Rxc1 31. Qxc1 Bd6 32. g3 h5 33. Qc8+ Kg7 34. Qb7 Nf6 35. Qxa7 Bc5 36. Qa6 Ne4 37. Kg2 f5 38. Qe2 h4 39. gxh4 Bd6 40. Rh3 Qd5 41. Qc4 Qa8 42. Kg1 Kf6 43. Bg2 Qd5 44. Qxd5 exd5 45. Bxe4 fxe4 46. h5 gxh5 47. Rxh5 Ke6 48. a5 d4 49. Kf1 1-0